The Roman Empire and the Indian Ocean : the ancient world economy and the kingdoms of Africa, Arabia and India /

محفوظ في:

المؤلف الرئيسي: McLaughlin, Raoul (مؤلف)

التنسيق: كتاب

اللغة: English

منشور في: Barnsley, South Yorkshire : Pen and Sword Military, 2014.

الموضوعات:

الوسوم: إضافة وسم

لا توجد وسوم, كن أول من يضع وسما على هذه التسجيلة!

رقم الطلب: HF377 .M353 2014

LEADER 00957nam a22002537a 4500
003 OSt
005 20250825085851.0
008 130303s2014 enkab g b 001 0 eng d
010 |a 2015410553 
020 |a 9781783463817 
040 |c ARCE Library 
043 |a e-it---  |a i------ 
050 1 4 |a HF377  |b .M353 2014 
100 1 |a McLaughlin, Raoul,   |e author 
245 1 4 |a The Roman Empire and the Indian Ocean :   |b the ancient world economy and the kingdoms of Africa, Arabia and India /   |c Raoul McLaughlin. 
264 1 |a Barnsley, South Yorkshire :   |b Pen and Sword Military,   |c 2014. 
300 |a xix, 276 pages, 8 unnumbered pages of plates :   |b illustrations, maps ;   |c 24 cm. 
504 |a Includes bibliographical references (pages 266-269) and index. 
650 0 |a Trade routes  |x History  |y To 1500. 
651 0 |a Indian Ocean Region  |x Commerce  |z Rome. 
651 0 |a Rome  |x Commerce  |z Indian Ocean Region. 
901 |a reviewed 
942 |c BK  |2 lcc 
999 |c 23629  |d 23629